[Event "Sunway Sitges Open 2019"]
[Site "Sitges ESP"]
[Date "2019.12.13"]
[Round "1.1"]
[White "Lever, Erwan"]
[Black "Ivanchuk, Vassily"]
[Result "1/2-1/2"]
[BlackTitle "GM"]
[WhiteElo "2258"]
[BlackElo "2690"]
[WhiteFideId "20640099"]
[BlackFideId "14100010"]
[EventDate "2019.12.13"]

1. d4 Nf6 2. c4 e6 3. g3 Bb4+ 4. Bd2 Be7 5. Bg2 O-O 6. Nf3 c5 7. O-O Nc6 8. dxc5
Bxc5 9. Nc3 h6 10. Rc1 d6 11. a3 a5 12. Qc2 e5 13. Rfd1 Be6 14. Nd5 a4 15. e3
Nd7 16. Nh4 Ra7 17. Bc3 Nb6 18. Qe2 Na5 19. Bb4 Nb3 20. Rc3 g5 21. Qh5 gxh4 22.
Qxh6 Nxd5 23. Rxd5 Qe7 24. Rxd6 Qxd6 25. Qg5+ Kh7 26. Qh5+ Kg7 27. Qg5+ Kh7 28.
Qh5+ Kg7 1/2-1/2

[Event "Sunway Sitges Open 2019"]
[Site "Sitges ESP"]
[Date "2019.12.13"]
[Round "1.2"]
[White "Maghsoodloo, Parham"]
[Black "Han, Yichen"]
[Result "1-0"]
[WhiteTitle "GM"]
[BlackTitle "CM"]
[WhiteElo "2690"]
[BlackElo "2257"]
[WhiteFideId "12539929"]
[BlackFideId "1054430"]
[EventDate "2019.12.13"]

1. d4 d5 2. Nf3 Nf6 3. c4 c6 4. e3 e6 5. Nc3 Nbd7 6. b3 Bb4 7. Bd2 O-O 8. Be2
Qe7 9. O-O Rd8 10. Qc2 e5 11. cxd5 cxd5 12. dxe5 Nxe5 13. Nb5 Bxd2 14. Qxd2 Bg4
15. Nxe5 Qxe5 16. Nd4 Ne4 17. Qb2 Bxe2 18. Qxe2 Rac8 19. Rac1 Nd6 20. Qg4 Qe4
21. Qg3 Qg6 22. Qh4 Re8 23. Rxc8 Nxc8 24. Rc1 Nd6 25. h3 h6 26. a4 Kh7 27. Qf4
Re4 28. Qf3 f5 29. Rc5 Qf7 30. Qd1 Re7 31. Ne2 Re5 32. Nf4 Ne4 33. Rxd5 Rxd5 34.
Nxd5 Nf6 35. Nf4 Qc7 36. Ne2 Ne4 37. Qd5 g6 38. g4 Qg7 39. gxf5 gxf5+ 40. Kh2
Qc7+ 41. Kg2 Qg7+ 42. Ng3 Nxg3 43. fxg3 Qb2+ 44. Kf3 Qb1 45. Qxb7+ Kg6 46. Qc6+
Kh7 47. Qc4 Qh1+ 48. Kf4 Qxh3 49. Qf7+ Kh8 50. Qf8+ Kh7 51. Qxf5+ 1-0

[Event "Sunway Sitges Open 2019"]
[Site "Sitges ESP"]
[Date "2019.12.13"]
[Round "1.3"]
[White "Ingebretsen, Jens E"]
[Black "Korobov, Anton"]
[Result "0-1"]
[WhiteTitle "FM"]
[BlackTitle "GM"]
[WhiteElo "2255"]
[BlackElo "2668"]
[WhiteFideId "1522965"]
[BlackFideId "14105730"]
[EventDate "2019.12.13"]

1. c4 e6 2. g3 d5 3. Bg2 Nf6 4. Nf3 d4 5. O-O c5 6. e3 Nc6 7. exd4 cxd4 8. d3
Bd6 9. Bg5 h6 10. Bxf6 Qxf6 11. Nbd2 Qe7 12. a3 a5 13. Re1 O-O 14. Rc1 Rd8 15.
Qe2 a4 16. Ne4 Bc7 17. c5 Ra6 18. Rc4 f5 19. Ned2 e5 20. Nh4 g5 21. Nhf3 Be6 22.
Rcc1 Qf7 23. h4 g4 24. Nh2 h5 25. f3 Qg7 26. fxg4 hxg4 27. Nhf1 e4 28. dxe4 f4
29. gxf4 Bxf4 30. e5 d3 31. Qe4 Rd4 0-1

[Event "Sunway Sitges Open 2019"]
[Site "Sitges ESP"]
[Date "2019.12.13"]
[Round "1.4"]
[White "Melkumyan, Hrant"]
[Black "Kholopov, Alexander A."]
[Result "1/2-1/2"]
[WhiteTitle "GM"]
[BlackTitle "FM"]
[WhiteElo "2668"]
[BlackElo "2253"]
[WhiteFideId "13302485"]
[BlackFideId "4148100"]
[EventDate "2019.12.13"]

1. e4 c5 2. Nf3 Nf6 3. e5 Nd5 4. Nc3 e6 5. Nxd5 exd5 6. d4 Nc6 7. dxc5 Bxc5 8.
Qxd5 d6 9. Bc4 O-O 10. O-O Be6 11. Qd3 Nxe5 12. Nxe5 dxe5 13. Qxd8 Raxd8 14.
Bxe6 fxe6 15. Bg5 Rd7 16. Rae1 Rf5 17. Bc1 h5 18. Re2 Rdf7 19. Be3 Bxe3 20. Rxe3
Rd7 21. Rfe1 Kf7 22. g3 Kf6 23. Kg2 g5 24. R1e2 g4 25. Re4 Rd4 26. c3 Rd5 27. a4
a6 28. h3 Rg5 29. Rc4 Rg7 30. h4 Rgd7 31. Rc8 Rd2 32. Rxd2 Rxd2 33. b4 e4 34.
Kf1 Kf5 35. Rc4 b5 36. Ke1 Rc2 37. axb5 axb5 38. Rc5+ e5 39. Rxb5 Rxc3 40. Kd2
Rd3+ 41. Ke2 Rb3 42. Rc5 Rxb4 43. Rc3 Ra4 44. Rb3 Ra1 45. Rc3 Rb1 1/2-1/2

[Event "Sunway Sitges Open 2019"]
[Site "Sitges ESP"]
[Date "2019.12.13"]
[Round "1.5"]
[White "Pratyusha, Bodda"]
[Black "Sasikiran, Krishnan"]
[Result "0-1"]
[WhiteTitle "WIM"]
[BlackTitle "GM"]
[WhiteElo "2253"]
[BlackElo "2656"]
[WhiteFideId "5000629"]
[BlackFideId "5004985"]
[EventDate "2019.12.13"]

1. d4 Nf6 2. Bf4 g6 3. Nc3 d5 4. e3 Bg7 5. h4 h5 6. Nf3 Bg4 7. Qd2 Bxf3 8. gxf3
c6 9. O-O-O b5 10. Kb1 Nbd7 11. Bd3 Nb6 12. Rhg1 O-O 13. Be5 Nc4 14. Qe1 e6 15.
f4 Qe7 16. Ne2 a5 17. Nc1 Ng4 18. Bxg7 Kxg7 19. Rg3 Qb4 20. Qxb4 axb4 21. Rg2
Nh6 22. Be2 Nf5 23. Nd3 Nxh4 24. Rh2 Nf5 25. Nxb4 Rfc8 26. Bd3 Ne7 27. Bxc4 bxc4
28. c3 Nf5 29. Kc2 c5 30. dxc5 Rxc5 31. Kd2 Rb5 32. a3 Nd6 33. f3 Nb7 34. Ke2
Nc5 35. f5 Na4 36. fxg6 fxg6 37. Rd2 Rf8 38. Kf2 Rb7 39. Kg3 Rbf7 40. Rdf2 Nc5
41. Kg2 Ne4 42. Rf1 Nd2 43. Rf2 Nxf3 0-1

[Event "Sunway Sitges Open 2019"]
[Site "Sitges ESP"]
[Date "2019.12.13"]
[Round "1.6"]
[White "Lagarde, Maxime"]
[Black "Galiana Fernandez, Adrian"]
[Result "1-0"]
[WhiteTitle "GM"]
[BlackTitle "FM"]
[WhiteElo "2655"]
[BlackElo "2251"]
[WhiteFideId "662399"]
[BlackFideId "32010150"]
[EventDate "2019.12.13"]

1. c4 e6 2. Nc3 d5 3. d4 Nf6 4. Bg5 dxc4 5. e3 a6 6. Bxc4 b5 7. Be2 Nbd7 8. Bf3
Rb8 9. Nge2 h6 10. Bh4 Be7 11. Qc2 c5 12. dxc5 Bxc5 13. O-O Bb7 14. Bxb7 Rxb7
15. Rfd1 Qb6 16. Ne4 Nxe4 17. Qxe4 O-O 18. b4 Bd6 19. Rxd6 1-0

[Event "Sunway Sitges Open 2019"]
[Site "Sitges ESP"]
[Date "2019.12.13"]
[Round "1.8"]
[White "Kovalenko, Igor"]
[Black "Moreby, James"]
[Result "1-0"]
[WhiteTitle "GM"]
[WhiteElo "2647"]
[BlackElo "2248"]
[WhiteFideId "14117908"]
[BlackFideId "427756"]
[EventDate "2019.12.13"]

1. e4 e6 2. d4 d5 3. e5 c5 4. c3 Nc6 5. Nf3 Bd7 6. Be2 Nge7 7. Na3 cxd4 8. cxd4
Ng6 9. O-O Be7 10. Nc2 O-O 11. Bd3 Rc8 12. Re1 Nh8 13. h4 f5 14. exf6 Bxf6 15.
g3 Nf7 16. Bf4 Qb6 17. Qd2 Kh8 18. Bf1 Ne7 19. Ne3 Nd6 20. Bxd6 Qxd6 21. Ng4 Nc6
22. a3 Be8 23. Nxf6 Rxf6 24. Ne5 Bg6 25. Rac1 Be4 26. Bb5 Ne7 27. Rxc8+ Nxc8 28.
Rc1 Nb6 29. a4 a6 30. a5 axb5 31. axb6 b4 32. Rc8+ 1-0

[Event "Sunway Sitges Open 2019"]
[Site "Sitges ESP"]
[Date "2019.12.13"]
[Round "1.9"]
[White "Dushyant, Sharma"]
[Black "Donchenko, Alexander"]
[Result "0-1"]
[WhiteTitle "FM"]
[BlackTitle "GM"]
[WhiteElo "2247"]
[BlackElo "2644"]
[WhiteFideId "25065130"]
[BlackFideId "24603295"]
[EventDate "2019.12.13"]

1. e4 c6 2. d4 d5 3. Nc3 dxe4 4. Nxe4 Nf6 5. Nxf6+ exf6 6. c3 Bd6 7. Bd3 O-O 8.
Ne2 Re8 9. Qc2 h5 10. Be3 Nd7 11. Ng3 Nb6 12. O-O-O Nd5 13. Rde1 b5 14. Bd2 Nf4
15. Bxf4 Bxf4+ 16. Kb1 h4 17. Nf5 Be6 18. Re4 Bc7 19. Rxh4 Qd5 20. b3 g6 21. Ng3
Qg5 22. Re4 f5 23. h4 Qf6 24. Ree1 Bd5 25. h5 b4 26. hxg6 fxg6 27. c4 Bxg2 28.
Rxe8+ Rxe8 29. Rg1 Qxd4 30. Nxf5 gxf5 31. Rxg2+ Kf8 32. Be2 Be5 33. Qxf5+ Bf6
34. Kc1 Qa1+ 35. Kd2 Qc3+ 36. Kd1 Rd8+ 0-1

[Event "Sunway Sitges Open 2019"]
[Site "Sitges ESP"]
[Date "2019.12.13"]
[Round "1.10"]
[White "Sethuraman, S.P."]
[Black "Panesar, Vedant"]
[Result "1-0"]
[WhiteTitle "GM"]
[WhiteElo "2638"]
[BlackElo "2247"]
[WhiteFideId "5021596"]
[BlackFideId "35033018"]
[EventDate "2019.12.13"]

1. d4 Nf6 2. c4 e6 3. Nf3 d5 4. g3 Bb4+ 5. Bd2 a5 6. Bg2 O-O 7. Qc2 c5 8. cxd5
cxd4 9. Nxd4 Qb6 10. e3 exd5 11. O-O Nc6 12. Nxc6 bxc6 13. Rc1 Bd7 14. Nc3 Rfe8
15. Na4 Qa7 16. Bxb4 axb4 17. Nc5 Bg4 18. h3 Bh5 19. Qd2 Rab8 20. a3 bxa3 21.
bxa3 Bg6 22. a4 h5 23. Qd4 Qa5 24. Qc3 Qa7 25. a5 h4 26. g4 Nh7 27. Qd4 f5 28.
a6 Qf7 29. Nb7 Re6 30. Rxc6 Rxc6 31. Bxd5 Re6 32. a7 Ra8 33. Nd8 1-0

[Event "Sunway Sitges Open 2019"]
[Site "Sitges ESP"]
[Date "2019.12.13"]
[Round "1.11"]
[White "Fernandez De Bobadilla, Gabriel"]
[Black "Tabatabaei, M.amin"]
[Result "0-1"]
[WhiteTitle "CM"]
[BlackTitle "GM"]
[WhiteElo "2243"]
[BlackElo "2635"]
[WhiteFideId "24518107"]
[BlackFideId "12521213"]
[EventDate "2019.12.13"]

1. d4 Nf6 2. c4 e6 3. Nc3 Bb4 4. e3 O-O 5. Ne2 Re8 6. a3 Bf8 7. e4 d5 8. Bg5
dxe4 9. Nxe4 Be7 10. N4c3 Nc6 11. h3 e5 12. dxe5 Nxe5 13. Qxd8 Rxd8 14. Nf4 c6
15. Rd1 Bf5 16. Be2 h6 17. Bxf6 Bxf6 18. O-O Bc2 19. Rc1 Rd2 20. Nh5 Bh4 21. Ng3
Rad8 22. b4 Nd3 23. Ra1 Nf4 24. Bf3 Bd3 25. Rfc1 f5 26. b5 Bf6 27. bxc6 bxc6 28.
Bxc6 Bxc4 29. Rab1 Bd4 30. Nd1 Bd3 31. Rb4 Bc2 32. Ne3 Bxe3 33. fxe3 Nd3 34.
Rcb1 Bxb1 35. Rxb1 g6 36. Rb7 Rc2 37. Ba4 Nc5 38. Rc7 Rc3 39. Bb5 Ne4 40. Rxc3
Nxc3 41. Bc4+ Kg7 0-1

[Event "Sunway Sitges Open 2019"]
[Site "Sitges ESP"]
[Date "2019.12.13"]
[Round "1.12"]
[White "Vocaturo, Daniele"]
[Black "Citak, Selim"]
[Result "1-0"]
[WhiteTitle "GM"]
[BlackTitle "FM"]
[WhiteElo "2627"]
[BlackElo "2238"]
[WhiteFideId "813192"]
[BlackFideId "6301819"]
[EventDate "2019.12.13"]

1. e4 e5 2. Nf3 Nf6 3. Nxe5 d6 4. Nf3 Nxe4 5. Nc3 Nxc3 6. dxc3 Be7 7. Be3 Nc6 8.
Qd2 Be6 9. O-O-O Qd7 10. Kb1 Bf6 11. h4 h6 12. b3 a6 13. Nd4 Nxd4 14. Bxd4 Bxd4
15. Qxd4 O-O 16. Rg1 Qe7 17. Bd3 d5 18. Rde1 Qf6 19. Re5 c5 20. Qe3 c4 21. bxc4
dxc4 22. Be4 Qxh4 23. g4 Bxg4 24. Qf4 h5 25. Rg5 Rae8 26. Qf6 Qxg5 27. Qxg5 Rxe4
28. f3 Re6 29. fxg4 hxg4 30. Qd5 Rg6 31. Qxc4 b5 32. Qd5 Rc8 33. Qd7 Rxc3 34.
Qe8+ Kh7 35. Qxf7 Rf3 36. Qd5 Rff6 37. Qh5+ Kg8 38. Rxg4 1-0

[Event "Sunway Sitges Open 2019"]
[Site "Sitges ESP"]
[Date "2019.12.13"]
[Round "1.13"]
[White "Milikow, Yoav"]
[Black "Narayanan, S.L."]
[Result "0-1"]
[WhiteTitle "FM"]
[BlackTitle "GM"]
[WhiteElo "2236"]
[BlackElo "2626"]
[WhiteFideId "2822237"]
[BlackFideId "5058422"]
[EventDate "2019.12.13"]

1. d4 Nf6 2. c4 g6 3. Nc3 d5 4. cxd5 Nxd5 5. e4 Nxc3 6. bxc3 Bg7 7. Qa4+ Nd7 8.
Nf3 O-O 9. Be2 Nb6 10. Qb4 Qd6 11. O-O Qxb4 12. cxb4 Bd7 13. Bg5 h6 14. Bd2 Bc6
15. Bd3 Rfd8 16. b5 Be8 17. Rad1 c5 18. bxc6 Bxc6 19. Bc3 Rac8 20. Rc1 e6 21.
Rfe1 Be8 22. Ba1 Na4 23. Bf1 b5 24. Ne5 b4 25. Ba6 Rxc1 26. Rxc1 Nc3 27. a3 Nxe4
28. axb4 Nd6 29. Rc5 Rb8 30. f3 Rxb4 31. Bc3 Rb1+ 32. Kf2 Bb5 33. Nc4 Bxc4 34.
Bxc4 Rc1 35. Bb3 Rxc3 0-1

[Event "Sunway Sitges Open 2019"]
[Site "Sitges ESP"]
[Date "2019.12.13"]
[Round "1.14"]
[White "Heimann, Andreas"]
[Black "Rohit, S"]
[Result "1-0"]
[WhiteTitle "GM"]
[WhiteElo "2617"]
[BlackElo "2234"]
[WhiteFideId "24624632"]
[BlackFideId "46633847"]
[EventDate "2019.12.13"]

1. Nf3 c5 2. c4 Nc6 3. Nc3 g6 4. e3 Nf6 5. d4 cxd4 6. exd4 d5 7. cxd5 Nxd5 8.
Qb3 Nxc3 9. Bc4 Nd5 10. Bxd5 e6 11. Bxc6+ bxc6 12. O-O Qd5 13. Be3 Bg7 14. Qa3
Bf8 15. Qb3 Bg7 16. Qa3 Bf8 17. Qc3 Bg7 18. Rfc1 O-O 19. Ne5 Bb7 20. f3 Rfd8 21.
Qc5 Qxc5 22. Rxc5 Rd5 23. Rac1 Rad8 24. f4 Rxc5 25. Rxc5 Rd5 26. Rc3 h5 27. Kf2
c5 28. Rxc5 Rxc5 29. dxc5 Bxe5 30. fxe5 a6 31. Bh6 Kh7 32. Bg5 Kg7 33. Be7 Kh6
34. h4 g5 35. Bxg5+ Kg6 36. Bf6 Kf5 37. g3 Ke4 38. g4 hxg4 39. Kg3 Kf5 40. h5
Bd5 41. h6 Kg6 42. Bg7 Bf3 43. b4 Kh7 44. a4 Bc6 45. Kxg4 Kg6 46. b5 axb5 47.
axb5 Bxb5 48. Kf4 Bc6 49. Ke3 Bb7 50. Kd4 Bd5 51. Kd3 f5 52. exf6 e5 53. f7 Bxf7
54. Ke4 1-0

[Event "Sunway Sitges Open 2019"]
[Site "Sitges ESP"]
[Date "2019.12.13"]
[Round "1.15"]
[White "Priyanka, Nutakki"]
[Black "Petrosyan, Manuel"]
[Result "1/2-1/2"]
[WhiteTitle "WIM"]
[BlackTitle "GM"]
[WhiteElo "2229"]
[BlackElo "2613"]
[WhiteFideId "25049615"]
[BlackFideId "13300857"]
[EventDate "2019.12.13"]

1. e4 e5 2. Nf3 Nc6 3. Nc3 Nf6 4. d4 exd4 5. Nxd4 Bb4 6. Nxc6 bxc6 7. Bd3 O-O 8.
O-O d5 9. exd5 cxd5 10. h3 c6 11. Qf3 a5 12. Bf4 a4 13. Ne2 Re8 14. c3 Bd6 15.
Rad1 Qc7 16. c4 Be6 17. Rfe1 Rab8 18. b3 axb3 19. axb3 Bxf4 20. Nxf4 d4 21. Nxe6
fxe6 22. c5 e5 23. Qg3 Kh8 24. Bc4 Rbd8 25. f3 g6 26. Qg5 Kg7 27. Ra1 Nd5 28.
Ra6 Ne3 29. Rea1 Rb8 30. Ra7 Rb7 31. Rxb7 Qxb7 32. Bd3 Nd5 33. Be4 Nf6 34. Bd3
Re7 35. Re1 Qxb3 36. Rxe5 Rf7 37. Qd2 Qc3 38. Qe2 Nd7 39. Re6 Qc1+ 40. Kh2 Qf4+
41. Kg1 Nxc5 42. Rxc6 Nxd3 43. Qxd3 Ra7 44. Rc2 Kh6 45. Qd2 Qxd2 46. Rxd2 Rd7
47. f4 g5 48. Kf2 gxf4 49. Kf3 Kg5 50. Ke4 Re7+ 51. Kxd4 Kh4 52. Rd3 Re2 53. Rf3
Rxg2 54. Ke4 h5 55. Kxf4 Re2 56. Re3 Rb2 57. Rf3 Rh2 58. Rd3 Ra2 59. Rf3 Rc2 60.
Ke3 Ra2 61. Kf4 Ra8 62. Ke3 Ra3+ 63. Kf2 Rxf3+ 64. Kxf3 Kxh3 65. Kf2 Kh2 66. Kf1
h4 67. Kf2 h3 68. Kf1 Kh1 69. Kf2 h2 70. Kf1 1/2-1/2

[Event "Sunway Sitges Open 2019"]
[Site "Sitges ESP"]
[Date "2019.12.13"]
[Round "1.16"]
[White "Nihal, Sarin"]
[Black "Lorscheid, Gerhard"]
[Result "1-0"]
[WhiteTitle "GM"]
[BlackTitle "FM"]
[WhiteElo "2612"]
[BlackElo "2228"]
[WhiteFideId "25092340"]
[BlackFideId "4606000"]
[EventDate "2019.12.13"]

1. e4 d6 2. d4 Nf6 3. Nc3 e5 4. Nf3 Nbd7 5. Bc4 Be7 6. a4 O-O 7. O-O c6 8. Re1
b6 9. Bg5 Ne8 10. Bxe7 Qxe7 11. d5 c5 12. a5 Nc7 13. Nd2 a6 14. axb6 Nxb6 15.
Bf1 Bd7 16. Nc4 Nxc4 17. Bxc4 Rfb8 18. b3 Bb5 19. Bd3 Qd7 20. Na4 Bxd3 21. Qxd3
Qb5 22. Qe3 Rf8 23. Nb2 Rab8 24. Nc4 Qd7 25. Rad1 Nb5 26. Rd2 f5 27. exf5 Rxf5
28. Ra1 Nc7 29. Qh3 Rf7 30. Qxd7 Rxd7 31. g3 Rf8 32. Kg2 Rdd8 33. f3 Rf6 34. Rd3
Rb8 35. Nd2 Rf7 36. h4 h6 37. c3 Kf8 38. Ra4 Ke7 39. Kf2 Kd7 40. Ke2 Rff8 41.
Rg4 Rf7 42. Ra4 Rff8 43. Kd1 Rf7 44. Kc2 Rbf8 45. Ra1 Rb8 46. c4 Rbf8 47. Kc3
Rb8 48. Re3 Rbf8 49. Kd3 Rb8 50. Re4 Rb6 51. Rae1 Rb8 52. Ra1 Rb6 53. Ree1 Rf8
54. Ke3 Rf7 55. Rg1 Rb8 56. g4 Rh8 57. h5 Rhf8 58. g5 Rh8 59. Ne4 Rb8 60. Ra3
Rbf8 61. Rg3 hxg5 62. Nxg5 Re7 63. Ne4 Ra8 64. Rg6 Ne8 65. h6 gxh6 66. Rxh6 Rg7
67. Rh8 Rg6 68. Ra1 Rb8 69. Nd2 Rb6 70. Rah1 Rg7 71. R1h6 Rf7 72. Kd3 Nc7 73.
Kc2 Ne8 74. Ne4 1-0

[Event "Sunway Sitges Open 2019"]
[Site "Sitges ESP"]
[Date "2019.12.13"]
[Round "1.18"]
[White "Durarbayli, Vasif"]
[Black "Prraneeth, Vuppala"]
[Result "1/2-1/2"]
[WhiteTitle "GM"]
[BlackTitle "CM"]
[WhiteElo "2609"]
[BlackElo "2221"]
[WhiteFideId "13402935"]
[BlackFideId "46622373"]
[EventDate "2019.12.13"]

1. c4 e5 2. g3 c6 3. Bg2 d5 4. cxd5 cxd5 5. d4 e4 6. Nc3 Nf6 7. Bg5 Nbd7 8. Nh3
h6 9. Bxf6 Nxf6 10. O-O Bd6 11. Qb3 Be6 12. Qxb7 O-O 13. Rab1 Rb8 14. Qxa7 Qc8
15. Nf4 Bxf4 16. gxf4 Bh3 17. f3 Re8 18. Qc5 Qf5 19. Bxh3 Qxh3 20. Nxd5 Nxd5 21.
Qxd5 Rbd8 22. Qb3 Qf5 23. Rbd1 Rb8 24. fxe4 Qxe4 25. Qc3 Rb6 26. f5 Qg4+ 27. Qg3
Qh5 28. Rd2 Rxe2 29. Rxe2 Qxe2 30. Rf2 Qd1+ 31. Kg2 Qxd4 32. b3 Rc6 33. Qf4 Qd5+
34. Qf3 Qd6 35. a4 Qd4 36. Qf4 Qd5+ 37. Rf3 Rc3 38. Kg3 Rc2 39. Kh3 Rb2 40. Qe3
Qd6 41. Rf2 Rxf2 42. Qxf2 Qd3+ 43. Kg4 Qxb3 44. Qd4 Qa2 45. h4 Kh7 46. Kf3 f6
47. Ke4 Qc2+ 48. Ke3 Qc1+ 49. Kd3 Qd1+ 50. Kc3 Qa1+ 1/2-1/2

[Event "Sunway Sitges Open 2019"]
[Site "Sitges ESP"]
[Date "2019.12.13"]
[Round "1.19"]
[White "Nikolic, Vladan"]
[Black "Adly, Ahmed"]
[Result "1/2-1/2"]
[BlackTitle "GM"]
[WhiteElo "2217"]
[BlackElo "2607"]
[WhiteFideId "1710702"]
[BlackFideId "10601619"]
[EventDate "2019.12.13"]

1. d4 Nf6 2. c4 e6 3. Nf3 Bb4+ 4. Bd2 Qe7 5. g3 O-O 6. Bg2 Bxd2+ 7. Nbxd2 d6 8.
O-O e5 9. e4 a5 10. Qc2 Na6 11. a3 Re8 12. Rab1 c5 13. d5 g6 14. Ne1 Bd7 15. Nd3
b5 16. Rbe1 Ng4 17. f3 Nh6 18. f4 f6 19. cxb5 Bxb5 20. a4 Bxd3 21. Qxd3 Nb4 22.
Qc3 g5 23. Nc4 gxf4 24. gxf4 Kh8 25. Bh3 Rg8+ 26. Kh1 Ng4 27. Bxg4 Rxg4 28. Ne3
Rxf4 29. Nf5 Rxf1+ 30. Rxf1 Qd7 31. Rg1 Rg8 32. Rxg8+ Kxg8 33. Qg3+ Kf8 34. Qh4
Qf7 35. Qh6+ Kg8 36. Nxd6 Qf8 37. Qxf8+ Kxf8 38. Nc4 f5 39. exf5 Nxd5 40. Nxe5
Ke7 41. Nc6+ Kf6 42. Nxa5 Nb4 43. Nb7 Na6 44. Kg2 Kxf5 45. Kf3 Ke5 46. Ke3 Kd5
47. Kd3 h5 48. h4 Nb4+ 49. Kc3 Na2+ 50. Kb3 Nc1+ 51. Kc2 Ne2 52. a5 Nd4+ 53. Kd3
Kc6 54. a6 Nf5 55. Nxc5 Kb6 56. b4 Nxh4 57. b5 Nf5 58. Nd7+ Ka7 59. Ne5 Ne7 60.
Ke4 h4 61. Kf4 Nd5+ 62. Kg4 Nc7 63. Nc6+ Kb6 64. Nd4 Nxb5 65. Nxb5 Kxa6 66. Kxh4 1/2-1/2

[Event "Sunway Sitges Open 2019"]
[Site "Sitges ESP"]
[Date "2019.12.13"]
[Round "1.20"]
[White "Salgado Lopez, Ivan"]
[Black "Cholleti, Sahajasri"]
[Result "1-0"]
[WhiteTitle "GM"]
[BlackTitle "WFM"]
[WhiteElo "2605"]
[BlackElo "2216"]
[WhiteFideId "2257327"]
[BlackFideId "5045118"]
[EventDate "2019.12.13"]

1. Nf3 c5 2. b3 d5 3. e3 g6 4. Bb2 Nf6 5. c4 dxc4 6. Bxc4 Bg7 7. d4 cxd4 8. Nxd4
Nc6 9. Nxc6 Qxd1+ 10. Kxd1 bxc6 11. Ke2 O-O 12. Nd2 Nd5 13. Bxg7 Kxg7 14. Rhc1
a5 15. Ne4 Rd8 16. Nc5 Nb4 17. e4 e5 18. Ke3 Ra7 19. a3 Na6 20. Bxa6 Bxa6 21.
Rd1 Rxd1 22. Rxd1 Bc8 23. Rd8 Rc7 24. Kd3 Kf6 25. Re8 Kg7 26. Rxe5 Kf8 27. Kc3
f6 28. Re6 Kf7 29. Rd6 Ke7 30. Rd4 h6 31. Ra4 Ra7 32. Kd4 Kd6 33. b4 1-0

[Event "Sunway Sitges Open 2019"]
[Site "Sitges ESP"]
[Date "2019.12.13"]
[Round "1.29"]
[White "Tanmay, Jain"]
[Black "Lopez Martinez, Josep Manuel"]
[Result "0-1"]
[WhiteTitle "CM"]
[BlackTitle "GM"]
[WhiteElo "2193"]
[BlackElo "2561"]
[WhiteFideId "45015481"]
[BlackFideId "2212943"]
[EventDate "2019.12.13"]

1. e4 c5 2. Nf3 d6 3. d4 cxd4 4. Nxd4 Nf6 5. Nc3 a6 6. Be2 g6 7. Be3 Bg7 8. O-O
O-O 9. f3 Nc6 10. Qd2 Bd7 11. Nd5 Nxd5 12. exd5 Nxd4 13. Bxd4 Bxd4+ 14. Qxd4 Rc8
15. c3 Qc7 16. Rfe1 Qc5 17. Rad1 Rfe8 18. Bf1 g5 19. Kh1 Qxd4 20. Rxd4 Rc5 21.
Bc4 Kg7 22. Kg1 h6 23. Kf2 Kf6 24. Bb3 Rc7 25. h4 Rec8 26. Bc2 Rc4 27. hxg5+
hxg5 28. Red1 Bf5 29. Bb3 Rxd4 30. Rxd4 a5 31. Ke3 Rh8 32. Rd1 Rh4 33. a3 Ke5
34. Kf2 Rh8 35. Re1+ Kf6 36. Rd1 Bg6 37. Kg1 Rc8 38. Rd2 Bf5 39. Kf2 Bd7 40. Rd4
Rh8 41. Rd1 Rh4 42. Re1 Bb5 43. Ke3 e5 44. dxe6 fxe6 45. Kf2 d5 46. Ba2 Bc4 47.
Bxc4 Rxc4 48. g3 b5 49. Ke3 g4 50. Rf1 gxf3 51. Rxf3+ Ke5 52. Rf7 Re4+ 53. Kf3
b4 54. axb4 axb4 55. Rc7 bxc3 56. bxc3 Re1 57. Kf2 Re4 58. Kf3 Re1 59. Kf2 Rc1
60. Ke3 Kd6 61. Rc8 Kd7 62. Kd2 Rg1 63. Rg8 Kd6 64. Rg6 Ke5 65. g4 Rg3 66. g5
Rg4 67. Kd3 Re4 68. Rf6 Rh4 69. Rg6 Rg4 70. Kd2 Rg3 71. Kc2 Re3 72. Kd2 Kf4 0-1

[Event "Sunway Sitges Open 2019"]
[Site "Sitges ESP"]
[Date "2019.12.14"]
[Round "2.1"]
[White "Raja, Harshit"]
[Black "Maghsoodloo, Parham"]
[Result "1-0"]
[WhiteTitle "IM"]
[BlackTitle "GM"]
[WhiteElo "2447"]
[BlackElo "2690"]
[WhiteFideId "5089000"]
[BlackFideId "12539929"]
[EventDate "2019.12.13"]

1. e4 e5 2. Nf3 Nc6 3. Bb5 a6 4. Ba4 Nf6 5. O-O b5 6. Bb3 Bc5 7. a4 Rb8 8. c3 d6
9. d4 Bb6 10. Qd3 Bd7 11. axb5 axb5 12. Na3 Qe7 13. Nxb5 O-O 14. Bg5 exd4 15.
Bxf6 Qxf6 16. Nbxd4 Ne5 17. Nxe5 dxe5 18. Nf3 Rfd8 19. Qe2 g5 20. Rad1 g4 21.
Nxe5 Qxe5 22. Rxd7 g3 23. Qg4+ Kh8 24. hxg3 Rxd7 25. Qxd7 f6 26. Qf7 Bc5 27. Rd1
Rf8 28. Qc4 Bb6 29. Qc6 f5 30. Qh6 Qc5 31. Kh2 Qe7 32. Rd7 Rf6 33. Qg5 Qf8 34.
e5 Rg6 35. Qd8 Qxd8 36. Rxd8+ Kg7 37. Rd7+ Kh6 38. e6 Kg5 39. e7 Bxf2 40. Rd4 1-0

[Event "Sunway Sitges Open 2019"]
[Site "Sitges ESP"]
[Date "2019.12.14"]
[Round "2.2"]
[White "Korobov, Anton"]
[Black "Chen, Qi b"]
[Result "1-0"]
[WhiteTitle "GM"]
[BlackTitle "IM"]
[WhiteElo "2668"]
[BlackElo "2445"]
[WhiteFideId "14105730"]
[BlackFideId "8614733"]
[EventDate "2019.12.13"]

1. d4 Nf6 2. c4 g6 3. Nc3 Bg7 4. e4 d6 5. f3 O-O 6. Nge2 c5 7. d5 e6 8. Ng3 exd5
9. cxd5 a6 10. a4 Ne8 11. Bd3 Nd7 12. O-O Rb8 13. Kh1 Nc7 14. a5 b5 15. axb6
Nxb6 16. Bf4 Nb5 17. Nge2 Nd4 18. Nxd4 Bxd4 19. Qd2 f5 20. Rae1 Rf7 21. e5 dxe5
22. Bxe5 Bxe5 23. Rxe5 Nd7 24. Re2 Rb4 25. b3 Rxb3 26. d6 Rb4 27. Nd5 Rd4 28.
Ne7+ Kg7 29. Nc6 Qf6 30. Nxd4 Qxd4 31. Bb1 a5 32. Ba2 Qxd2 33. Rxd2 Rf8 34. Re1 1-0

[Event "Sunway Sitges Open 2019"]
[Site "Sitges ESP"]
[Date "2019.12.14"]
[Round "2.3"]
[White "Sasikiran, Krishnan"]
[Black "Martin Duque, Jesus"]
[Result "1-0"]
[WhiteTitle "GM"]
[BlackTitle "IM"]
[WhiteElo "2656"]
[BlackElo "2430"]
[WhiteFideId "5004985"]
[BlackFideId "2208954"]
[EventDate "2019.12.13"]

1. e4 c5 2. Nf3 e6 3. d4 cxd4 4. Nxd4 Nc6 5. Nc3 Qc7 6. Be3 a6 7. Qd2 Nf6 8.
O-O-O Bb4 9. f3 Ne5 10. Nb3 b5 11. Qd4 Nc6 12. Qb6 Qxb6 13. Bxb6 Bxc3 14. bxc3
d5 15. Be2 O-O 16. Rhe1 Re8 17. Bf1 dxe4 18. fxe4 e5 19. Rd6 Re6 20. Rd2 Re7 21.
Nc5 Rb8 22. Bd8 Nxd8 23. Rxd8+ Re8 24. Rd6 Ra8 25. a3 Kf8 26. c4 Ke7 27. Rc6 Rd8
28. Kb2 bxc4 29. Bxc4 Rd6 30. Rc7+ Nd7 31. Bd5 Rb8+ 32. Kc1 Kd8 33. Nxd7 Bxd7
34. Ra7 f6 35. Rd1 Rdb6 36. Rd3 Kc8 37. Rc3+ Kd8 38. Rcc7 Rd6 39. c4 1-0